Responses for Show #1998 - Wednesday, April 21, 1993

Walt Senterfitt game 4.

Contestants

[<< previous game]

Rusty Sachs, a lawyer from Norwich, Vermont

Rowena Fenstermacher, a Latin and fencing teacher from Katonah, New York

Walt Senterfitt, a registered nurse from Los Angeles, California (whose 3-day cash winnings total $49,502)

[next game >>]

Jeopardy! Round responses

"F" IN HISTORY
TELEVISION
HEALTH & MEDICINE
LEGENDARY CREATURES
LIBRARIES
WORD ORIGINS
    $100 11
Ferdinand

Rusty
    $100 26
[Rusty only said the man's name.]

The Arsenio Hall Show

Rusty
    $100 1
hiccups

Rowena
    $100 16
a dragon

Walt
    $100 13
The Church of the Latter-day Saints

Walt
    $100 2
G.I.

Walt
    $200 12
France

Rowena
    $200 27
Unsolved Mysteries

Rowena
    $200 3
the retina

Walt
    $200 20
snakes

Rowena
    $200 14
Virginia

Walt
    $200 5
a fiddle

Rowena
    $300 15
the Federalist Party

Rowena
    $300 28
(Walt: What's The A-Team?)

Jake and the Fatman

WaltRowena
    $300 4
calcium

Rowena
    $300 21
centaurs

Rowena
    $300 19
Toronto

Rowena
    $300 6
parchment

Rusty
    $400 17
Millard Fillmore (or Gerald Ford)

Rusty
    $400 29
A Different World

Triple Stumper
    $400 8
colic

Rusty
    $400 22
the roc

Walt
    $400 23
Chicago

Walt
    $400 7
lasagna

Walt
    $500 18
Benjamin Franklin

Walt
    $500 30
l'll Fly Away

Rowena
    $500 10
cystic fibrosis

Walt
    $500 25
sirens

Walt
    $1,000 24
Corning

Walt
    $500 9
lachrymose

Walt

Scores at the first commercial break (after clue 15):

Walt Rowena Rusty
$2,000 $1,100 $800

Scores at the end of the Jeopardy! Round:

Walt Rowena Rusty
$4,600 $2,900 $1,300

Double Jeopardy! Round responses

1992
COMPOSERS
ROCKS & MINERALS
NEWSPAPERS
RUSSIAN LITERATURE
LEFTOVERS
    $200 1
Elvis Presley

Walt
    $200 13
Richard Rodgers

Walt
    $200 26
granite

Walt
    $200 6
North Dakota

Walt
    $200 21
War and Peace

Rowena
    $200 11
Clue

Walt
    $400 2
Ross Perot

Walt
    $400 14
the Ringling Brothers

Walt
    $400 27
a volcano eruption

Rowena
    $400 7
Iowa

Walt
    $400 22
Doctor Zhivago

Rusty
    $400 12
"Puttin' On The Ritz"

Walt
    $600 3
Rio de Janeiro

Walt
    $600 15
The Planets

Rowena
    $600 28
copper

Rusty
    $600 8
Montreal

Walt
    $600 23
Chekhov

Rowena
    $600 16
The Blob

Rowena
    $800 4
General Motors

Walt
    $2,000 19
(Walt: What is "The Flight Of The Bumblebee"?)

The Sorcerer's Apprentice

Walt
    $800 29
a magnet

Walt
    $800 9
The Star

Walt
    $2,100 24
(Rowena: What is Cancer Ward?)

The Gulag Archipelago

Rowena
    $800 17
Red

Rowena
    $1000 5
(Alex: Well done, you've added to your lead considerably by running that category.)
[Applause]

Fidel Ramos

Walt
    $1000 20
Schoenberg

Walt
    $1000 30
sodium

Rusty
    $1000 10
Cleveland

Rowena
    $1000 25
Aleksandr Pushkin

Triple Stumper
    $1000 18
cruciform

Walt

Scores at the end of the Double Jeopardy! Round:

Walt Rowena Rusty
$11,800 $5,000 $3,300
(lock game)

[wagering suggestions for these scores]

Final Jeopardy! Round responses

WORLD GEOGRAPHY
(Alex: The names of two queens of the Netherlands figuring in that clue.)
...
(Alex: [To Rusty] Formerly Dutch Guiana, you are right.)
RustyWhat is Surinam?
$3,190
RowenaWhat is Guiana?
$4,900
WaltWhat is Surinam?
$1,799
Suriname

Final scores:

Walt Rowena Rusty
$13,599 $100 $6,490
4-day champion: $63,101 3rd place: Gibson refrigerator + Wheel of Fortune & Jeopardy! for the Super Nintendo Entertainment System & Sega Genesis + Jeopardy! home game 2nd place: trip on Delta to Honolulu & stay at the Sheraton Moana Surfrider + Jeopardy! home game

Game dynamics:

Coryat scores:

Walt Rowena Rusty
$13,300 $7,100 $3,300
30 R
(including 1 DD),
2 W
(including 1 DD)
18 R,
1 W
(including 1 DD)
8 R,
0 W

Combined Coryat: $23,700

[game clues] [game scores] [suggest correction]

Game tape date: 1992-12-14
The J! Archive is created by fans, for fans. Scraping, republication, monetization, and malicious use prohibited; this site may use cookies and collect identifying information. See terms. The Jeopardy! game show and all elements thereof, including but not limited to copyright and trademark thereto, are the property of Jeopardy Productions, Inc. and are protected under law. This website is not affiliated with, sponsored by, or operated by Jeopardy Productions, Inc. Join the discussion at JBoard.tv.